DATA COMMUNICATION IN THE LABORATORY COMPLEX FOR RESEARCH AND EDUCATION SUPPORT

Bibliographic Details
Main Authors: Kiprushkin, Sergey A. (Author), Korolev, Nikolay A. (Author), Kurskov, Sergey Yu (Author), Semin, Vadim V. (Author)
Format: Article
Language:English
ISBN:9788080860899

MARC

LEADER 00000naa a2200000uu 4500
001 vtls011059241
003 SK-MaSNL
005 20260302143012.0
008 210907|2008 xo |||||||||||||||||eng|
015 |a SNBRA 
035 |a (urnnbn)urn:nbn:sk:snk:ar-a0c194 
035 |a (uuid)7300b961-31cb-4921-abac-ec5c8ef610d2 
035 |a urn:nbn:sk:snk-aav7t4 
040 |a SNKBUCL  |b slo  |c SNKBUCL  |e AACR2 
041 0 |a eng 
044 |a xo  |c SK 
100 1 |a Kiprushkin, Sergey A.  |4 aut  |9 827245 
245 1 0 |a DATA COMMUNICATION IN THE LABORATORY COMPLEX FOR RESEARCH AND EDUCATION SUPPORT  |c Sergey A. Kiprushkin, Nikolay A. Korolev, Sergey Yu. Kurskov, Vadim V. Semin 
700 1 |a Korolev, Nikolay A.  |4 aut  |9 832644 
700 1 |a Kurskov, Sergey Yu.  |4 aut  |9 827247 
700 1 |a Semin, Vadim V.  |4 aut  |9 832645 
773 0 |t ICETA 2008  |d Košice : Elfa, 2008  |g S. 127-130  |z 9788080860899 
958 |a OND 
958 |a article12 
958 |a chapter 
999 |c 1341985  |d 1343915